Science Quiz

Random Science or Math Quiz

Roman Numerals Quiz Stats

 Plays Quiz Updated Mar 17, 2020

Support Sporcle.
Go Orange.
Score 0/30 Timer 04:00
13 Plays Today
Roman Arabic % Correct
V5
85.6%
X10
85.5%
C100
85.1%
I1
84.3%
IX9
83.6%
IV4
83.5%
M1000
83.4%
L50
83.2%
LX60
78.8%
D500
78.7%
XVI16
78.6%
XL40
78.5%
XC90
77.1%
XXXVIII38
76.6%
CXV115
75.7%
Roman Arabic % Correct
CM900
75.5%
MMIX2009
75.2%
DC600
71.7%
DL550
71.3%
XCIX99
70.5%
DXXX530
70.2%
XLVIII48
69.2%
MDCCC1800
65.5%
DCCVII707
63.7%
MCDV1405
62.7%
DCXVII617
61.5%
CMXCIX999
59.5%
MCMLXXIII1973
58.4%
CDXCV495
56.8%
MDCLXVI1666
56%

From the Vault

Video Game Objects

by strokes_static

Gaming 4m
It's mostly the art style that gives it away.
Remove Ads.
Support Sporcle.
Get the best of Sporcle when you Go Orange. This ad-free experience offers more features, more stats, and more fun while also helping to support Sporcle. Thank you for becoming a member.

Show Comments

Extras

Top Quizzes Today


Score Distribution

Your Account Isn't Verified!

In order to create a playlist on Sporcle, you need to verify the email address you used during registration. Go to your Sporcle Settings to finish the process.

Report this User

Report this user for behavior that violates our Community Guidelines.

Details: